| 000 | 007440000a22002290004500 | ||
|---|---|---|---|
| 003 | LK-CoMWRAF | ||
| 005 | 20231130094906.0 | ||
| 008 | 230817t2003 ||||| |||| 00| 0 eng d | ||
| 020 | _a9559102575 | ||
| 040 |
_aLK-CoMWRAF _dLK-CoMWRAF _eLK-CoMWRAF |
||
| 041 | _aeng | ||
| 082 |
_a303.69 _bUYA |
||
| 100 | _aUyangoda, Jayadeva | ||
| 245 |
_aBeyond mediation, negotiation and negative peace : _btowards transformative peace in Sri Lanka |
||
| 260 |
_aColombo: _bSocial Scientists' Association, _c2003 |
||
| 300 |
_aii, 43 p. ; 23 cm. _bBibliography included |
||
| 490 |
_aGuide to Learning Peace _vII |
||
| 650 | _aConflict management -- Sri Lanka | ||
| 650 | _aMediation -- Sri Lanka | ||
| 650 | _aNegotiation -- Sri Lanka | ||
| 942 | _cBK | ||
| 999 |
_c705 _d705 |
||